Az osztályozás módszerei fontos, hogy mind a tanulók, mind a szülők ismerjék a tantervi követelményeket

Bibliographic Details
Main Author: Markó, Emil (Author)
Format: Article
Language:Hungarian
PhysicalDescription:Fotogr.
Subjects:

MARC

LEADER 00000nab a2200000 a 4500
001 vtls000835398
003 SK-MaSNL
005 20260319075144.0
008 160405c2003 xo 0 hun
015 |a SNBRB2003/05-15077 
035 |a CLN000187053 
040 |a SNKBUCL  |b slo  |c SNKBUCL  |e AACR2 
041 0 |a hun 
044 |a xo  |c SK 
080 |a 371.26  |2 1997 
100 1 |a Markó, Emil  |4 aut  |9 782426 
245 1 3 |a Az osztályozás módszerei  |b fontos, hogy mind a tanulók, mind a szülők ismerjék a tantervi követelményeket  |c Markó Emil 
300 |b Fotogr. 
650 0 7 |a klasifikácia školská  |2 snkbucl  |9 862326 
655 7 |a články z novín a časopisov  |2 snkbucl  |9 267496 
773 0 |t Új Szó  |g Roč. 56, č. 80 (5.4.2003) 
773 0 |t [Príl.] Családi Kör  |g Roč. 7, č. 14 (2003), s. 18 
850 |a Slovenská národná knižnica v Martine 
852 |a SNK  |b KIS3GCP 
958 |a HU 
958 |a SK 
958 |a RBX 
999 |c 1380398  |d 1382328